German Fly Corp Cities - Statistics

General Stats
  • This quiz has been taken 22 times
  • The average score is 27 of 58
Answer Stats
Type Answer % Correct
CapitalCity Berlin
100%
Big Hamburg
94%
Big Munich
88%
Big Frankfurt
82%
Big Stuttgart
82%
Normal Dresden
76%
Major Düsseldorf
71%
Normal Hanover
71%
Normal Bremen
65%
Major Cologne
65%
Normal Leipzig
65%
Normal Bonn
59%
Normal Essen
59%
Normal Nuremberg
59%
Normal Augsburg
53%
Normal Bielefeld
53%
Normal Kiel
53%
Normal Münster
53%
Normal Saarbrücken
53%
Small Erfurt
47%
Normal Regensburg
47%
Normal Rostock
47%
Normal Würzburg
47%
Normal Braunschweig
41%
Normal Bremerhaven
41%
Normal Dortmund
41%
Normal Duisburg
41%
Small Emden
41%
Small Flensburg
41%
Normal Gera
41%
Small Jena
41%
Normal Karlsruhe
41%
Normal Kassel
41%
Normal Koblenz
41%
Normal Mainz
41%
Normal Mannheim
41%
Normal Osnabrück
41%
Small Schwerin
41%
Normal Wuppertal
41%
Normal Lübeck
35%
Normal Magdeburg
35%
Small Passau
35%
Normal Ulm
35%
Normal Wiesbaden
35%
Normal Chemnitz
29%
Normal Cottbus
29%
Normal Freiburg
29%
Normal Fürth
29%
Small Giessen
29%
Normal Heidelberg
29%
Normal Ingolstadt
29%
Small Oldenburg
29%
Normal Potsdam
29%
Small Stralsund
29%
Normal Göttingen
24%
Small Hof
18%
Small Coburg
12%
Small Rosenheim
12%
No matching quizzes found
Score Distribution
Percent of People with Each Score
Percentile by Number Answered
Your Score History
You have not taken this quiz